000 00418nam a22001697a 4500
005 20250619113845.0
008 250508b |||||||| |||| 00| 0 eng d
020 _a9780571385119
040 _cSDCL
041 _aeng
084 _aO-,3N51 R4 LR
100 _aAciman, Andre
_9755904
245 _aGentleman from Peru
260 _aLondon :
_bFaber and Faber Ltd.,
_c2024.
300 _a169p
942 _2CC
_cGB
999 _c1321157
_d1321157